| 000 | 01043nac a22003737a 4500 | ||
|---|---|---|---|
| 001 | BR9101803 | ||
| 003 | BR-BrBNA | ||
| 005 | 20240105121159.0 | ||
| 008 | 230509b bl.|||m| |||| 00| 0 por d | ||
| 040 |
_aBR-BrBNA _bpor _cBiblioteca Nacional de Agricultura |
||
| 072 | _aF01 | ||
| 090 | _a2120 BR9101803 | ||
| 100 | 1 | _aPaulino, A.J. | |
| 100 | 1 | _aMatiello, J.B. | |
| 100 | 1 | _aPaulini, A.E. | |
| 100 | 1 | _aBraganca, J.B. | |
| 110 | 1 |
_aInstituto Brasileiro do Cafe, Rio de Janeiro, RJ (Brasil) _95880 |
|
| 245 | 1 | _aA cultura do cafe conilon | |
| 260 | 3 |
_aRio de Janeiro, RJ (Brasil): _c1987. |
|
| 300 | _a43 p. | ||
| 490 |
_aInstrucoes Tecnicas sobre a Cultura de Cafe no Brasil (Brazil) _vno. 16A _x |
||
| 500 | _a34 ref. | ||
| 650 | _aCAFE | ||
| 650 | _aAPTIDAO CLIMATICA | ||
| 650 | _aEPOCA DE PLANTIO | ||
| 650 | _aSOLO | ||
| 650 | _aIRRIGACAO | ||
| 650 | _aSEMENTE | ||
| 650 | _aMUDA | ||
| 650 | _aESTACA | ||
| 650 | _aESPACAMENTO | ||
| 909 |
_a202312 _bLúcia Elande _c55 _dLúcia Elande |
||
| 942 |
_2AGRIS _n0 _cMS |
||
| 999 |
_c283778 _d283778 |
||